| 000 | 00857nam1a22002411 4500 | ||
|---|---|---|---|
| 001 | rc\150629 | ||
| 005 | 20030307112620.3 | ||
| 035 | _a(NLR Aleph) 005614410 | ||
| 090 |
_a6442612 _c6442612 |
||
| 100 | _a20030307d1996 u |0rusy50 ca | ||
| 101 | 0 | _arus | |
| 102 | _aRU | ||
| 105 | _ay ||||||||| | ||
| 200 | 1 |
_aТеплофизика почв: методы и свойства _fС.В. Макарычев, М.А. Мазиров _gРос. акад. с.-х. наук. Владим. НИИ сел. хоз-ва |
|
| 210 |
_aСуздаль _cБ. и. _d1996 |
||
| 215 | _d21 | ||
| 700 | 1 |
_aМакарычев _bС. В. _f1949- _gСергей Владимирович |
|
| 701 | 1 |
_aМазиров _bМ. А. _f1960- _gМихаил Арнольдович |
|
| 801 | 0 |
_aRU _bNLR _gpsbo |
|
| 801 | 1 |
_aRU _bELAR _2rusmarc |
|
| 852 |
_aNLR _j97-3/1250 |
||
| 942 | _cBOOK | ||
| 980 | _aNB | ||